000 00586nam a2200205 a 4500
005 20210219153534.0
008 991125n 000 0 u
035 _aUPN01000105415
100 _aO'Keefe, Tim
222 _aINSTRUCTOR
245 _aA year in the life of a whole language teacher : Whole language today
300 _a44-47
362 _a102, No. 4, 1992
505 _aJunio 1993
653 0 _aAPRENDIZAJE COOPERATIVO
653 0 _aAPROXIMACION AL LENGUAJE EN GENERAL
653 0 _aCURRICULUM CENTRAL DEL ESTUDIANTE
904 _aAC
_b043226
905 _aArticulo
999 _c79469
_d79469